000 00689 a2200169 4500
003 Nust
005 20230712115101.0
040 _cNust
082 _a537.53,JEN
100 _aJenkins.R.O
_9113575
245 _aElectron and Lon Emission from Solids /
_cR.O.Jenkins and W.G Trodden
260 _aLondon
_bRoutledge Paul
_c1965.
300 _a84:p
505 _aElectrons in Solids (Page-1), Atoms and Ions at Solid Surfaces (Page-12), Thermionic Emission of Electrons (Page-16), Field Emission of Electrons (Page-35), Photoelectric Emission of Electrons (Page-44), Secondary Emission of Electrons (Page-51), Emission of Ions (Page-71).
650 _aElectron
_9100034
942 _2ddc
_cBKB
999 _c180901
_d180901